000 00698nam a2200241Ia 4500
003 OSt
005 20220930072126.0
006 a|||||r|||| 00| 0
007 ta
008 220926b |||||||| |||| 00| 0 hin d
024 _a18980
037 _cTheses
040 _aCRL
_cCRL
_bhin
041 _2hin
_ahin
100 _aTyagi Archana
_9529424
110 _aUniversity of Delhi. Faculty of Arts. Department of Sanskrit
245 0 _aNatya shastriya vastu vivechan
_b Prachin avam adhunik paripeksh mein.
260 _c1994
650 _aSANSKRIT
700 _aUniversity of Delhi. Faculty of Arts. Department of Sanskrit
942 _cDIS
_2CC
999 _c863415
_d863415